Statistics for Lewis Capaldi - The Pretender (Lyrics)

Click here to take the quiz!

General Stats

  • This quiz has been taken 47 times
  • The average score is 331 of 367

Answer Stats

Answer% Correct
a
100%
an
100%
Be
100%
be
100%
can
100%
I'm
100%
I
100%
I'm
100%
me
100%
on
100%
the
100%
To
100%
to
100%
what
100%
And
96%
do
96%
in
96%
In
96%
it
96%
know
96%
like
96%
Like
96%
my
96%
no
96%
pretender,
96%
see
96%
that
96%
want
96%
ya?
96%
You
96%
you
96%
all
92%
but
92%
But
92%
don't
92%
good
92%
I'll
92%
is
92%
of
92%
tell
92%
time
92%
who
92%
am
88%
at
88%
even
88%
if
88%
need
88%
so
88%
So,
88%
truth,
88%
will
88%
behind
85%
cry
85%
edge
85%
falling
85%
feel
85%
Feeling
85%
further
85%
it's
85%
lie
85%
mess,
85%
not
85%
shoulder
85%
your
85%
almost
81%
anybody
81%
best
81%
Designed
81%
everything
81%
fool
81%
from
81%
knife
81%
make
81%
mind,
81%
never
81%
one
81%
spend
81%
say
77%
show
77%
away
73%
being
73%
'Cause
73%
deceive
73%
fraud
73%
laugh
73%
light
73%
room
73%
seeming
73%
underneath
73%
faces
69%
part
69%
play
69%
wear
69%
words
69%
Always
65%
expect
65%
million
65%
imposter,
62%
instilled
62%
just
62%
easy
58%
Hell
58%
impression
58%
eyes
54%
fake
54%
found
54%
over
54%
pull
54%
wool
54%
mender
38%

Score Distribution

Percentile by Number Answered

Percent of People with Each Score

Your Score History

You have not taken this quiz